[Event "Montreal Maitres-B"]
[Site "Montreal CAN"]
[Date "2005.10.14"]
[Round "1"]
[White "Ye, Ling Feng"]
[Black "Rousseau, Daniel"]
[Result "0-1"]
[WhiteElo "2051"]
[BlackElo "2085"]
[PlyCount "80"]
[GameId "2160767910834344"]
[EventDate "2005.10.14"]
[EventType "tourn"]
[EventRounds "5"]
[EventCountry "CAN"]
[SourceTitle "EXT 2009"]
[Source "ChessBase"]
[SourceDate "2008.11.26"]
[SourceVersion "1"]
[SourceVersionDate "2008.11.26"]
[SourceQuality "1"]

1. e4 e5 2. Nf3 Nc6 3. Bb5 a6 4. Bxc6 dxc6 5. O-O Qd6 6. Na3 b5 7. c3 Ne7 8. Nc2 Ng6 9. d4 f6 10. a4 Be6 11. axb5 cxb5 12. d5 Bd7 13. Be3 Be7 14. b4 Bc8 15. Nce1 O-O 16. Bc5 Qd7 17. d6 cxd6 18. Qd5+ Kh8 19. Qxa8 dxc5 20. Qd5 Qxd5 21. exd5 cxb4 22. cxb4 Bxb4 23. Nc2 Bd6 24. Nd2 f5 25. Nb3 Nf4 26. Rfd1 Rd8 27. g3 Ne2+ 28. Kg2 g5 29. Na5 f4 30. Nc6 Rf8 31. f3 g4 32. fxg4 Bxg4 33. Rxa6 f3+ 34. Kf2 Bc5+ 35. Ke1 Nc3 36. Rd2 f2+ 37. Rxf2 Bxf2+ 38. Kd2 Ne4+ 39. Kc1 Nc5 40. Ra3 e4 0-1

[Event "Montreal Maitres-B"]
[Site "Montreal CAN"]
[Date "2005.10.15"]
[Round "2"]
[White "Rousseau, Daniel"]
[Black "Libersan, Thierry"]
[Result "0-1"]
[WhiteElo "2085"]
[BlackElo "2117"]
[PlyCount "68"]
[GameId "2160767910834347"]
[EventDate "2005.10.14"]
[EventType "tourn"]
[EventRounds "5"]
[EventCountry "CAN"]
[SourceTitle "EXT 2009"]
[Source "ChessBase"]
[SourceDate "2008.11.26"]
[SourceVersion "1"]
[SourceVersionDate "2008.11.26"]
[SourceQuality "1"]

1. e4 c5 2. Nf3 e6 3. d3 d5 4. e5 Ne7 5. c3 Ng6 6. d4 Be7 7. Bd3 Nc6 8. a3 Bd7 9. h4 cxd4 10. cxd4 Qa5+ 11. Bd2 Bb4 12. Nc3 Bxc3 13. bxc3 Nge7 14. O-O Qc7 15. Qb1 Na5 16. a4 b6 17. h5 h6 18. Rc1 Nc4 19. Rc2 Nc6 20. Bc1 N6a5 21. Ba3 Bxa4 22. Bb4 Bxc2 23. Bxc2 Nc6 24. Ba4 Kd8 25. Bd6 Nxd6 26. exd6 Qxd6 27. Qb5 Kc7 28. Ne5 Nxe5 29. dxe5 Qe7 30. Qc6+ Kb8 31. Re1 Rc8 32. Qd6+ Qxd6 33. exd6 Kb7 34. f4 Rc4 0-1

[Event "Montreal Maitres-B"]
[Site "Montreal CAN"]
[Date "2005.10.15"]
[Round "3"]
[White "Poirier, Erik"]
[Black "Rousseau, Daniel"]
[Result "1-0"]
[WhiteElo "2096"]
[BlackElo "2085"]
[PlyCount "85"]
[GameId "2160767910834349"]
[EventDate "2005.10.14"]
[EventType "tourn"]
[EventRounds "5"]
[EventCountry "CAN"]
[SourceTitle "EXT 2009"]
[Source "ChessBase"]
[SourceDate "2008.11.26"]
[SourceVersion "1"]
[SourceVersionDate "2008.11.26"]
[SourceQuality "1"]

1. d4 Nf6 2. c4 g6 3. Nc3 Bg7 4. e4 d6 5. Nf3 O-O 6. Be2 e5 7. O-O Nc6 8. d5 Ne7 9. Nd2 c5 10. Rb1 Ne8 11. a3 f5 12. b4 b6 13. bxc5 bxc5 14. f3 Bh6 15. Nb3 Bxc1 16. Qxc1 f4 17. Na4 g5 18. Qc3 Ng6 19. Naxc5 dxc5 20. Nxc5 Ng7 21. Nd3 h5 22. Rbc1 Qf6 23. c5 g4 24. Rfd1 Qg5 25. Ne1 Nh4 26. Rd2 Ngf5 27. exf5 gxf3 28. Bxf3 Bxf5 29. d6 e4 30. Bxe4 Bxe4 31. Qc4+ Kh8 32. Qxe4 f3 33. Qd4+ Kh7 34. Rcd1 Rae8 35. g3 Ng6 36. d7 Rd8 37. Rf2 Ne5 38. Qe4+ Kg7 39. c6 h4 40. Nxf3 Nxf3+ 41. Rxf3 Qc5+ 42. Re3 Kh6 43. Qe6+ 1-0

[Event "Montreal Maitres-B"]
[Site "Montreal CAN"]
[Date "2005.10.16"]
[Round "5"]
[White "Rousseau, Daniel"]
[Black "Dupuis, Stephane"]
[Result "1/2-1/2"]
[WhiteElo "2085"]
[BlackElo "2137"]
[PlyCount "111"]
[GameId "2160767910834356"]
[EventDate "2005.10.14"]
[EventType "tourn"]
[EventRounds "5"]
[EventCountry "CAN"]
[SourceTitle "EXT 2009"]
[Source "ChessBase"]
[SourceDate "2008.11.26"]
[SourceVersion "1"]
[SourceVersionDate "2008.11.26"]
[SourceQuality "1"]

1. e4 e6 2. d4 d5 3. Nc3 Bb4 4. e5 c5 5. a3 Bxc3+ 6. bxc3 Ne7 7. Nf3 Nbc6 8. a4 Qa5 9. Qd2 Bd7 10. Ba3 cxd4 11. cxd4 Qxd2+ 12. Kxd2 Nf5 13. c3 Na5 14. Ra2 Rc8 15. Bd3 Nb3+ 16. Ke2 Rxc3 17. Rb1 Nbxd4+ 18. Nxd4 Nxd4+ 19. Ke3 Nf5+ 20. Kd2 Rxd3+ 21. Kxd3 Bc6 22. Rab2 Kd7 23. g4 Nh6 24. h3 Kc8 25. a5 f6 26. Bc5 a6 27. f4 Nf7 28. Kd4 h5 29. Rg1 hxg4 30. hxg4 Kd7 31. Rgg2 Rh3 32. Bf8 Rf3 33. Rgf2 Rxf4+ 34. Rxf4 fxe5+ 35. Ke3 exf4+ 36. Kxf4 g5+ 37. Kg3 e5 38. Rf2 Ke6 39. Bg7 d4 40. Rf6+ Ke7 41. Kf2 Nd6 42. Rh6 Nc4 43. Bf6+ Kf7 44. Bxg5 Nxa5 45. Rf6+ Kg7 46. Rf5 Nc4 47. Bf6+ Kg6 48. Bxe5 d3 49. Bc3 d2 50. Ke2 d1=Q+ 51. Kxd1 Ne3+ 52. Ke2 Nxf5 53. gxf5+ Kxf5 54. Ke3 Ke6 55. Kd4 b6 56. Bb4 1/2-1/2

[Event "Quebec-ch-classe"]
[Site "Repentigny CAN"]
[Date "2003.11.21"]
[Round "1"]
[White "Beaudoin, Stephane"]
[Black "Rousseau, Daniel"]
[Result "1-0"]
[WhiteElo "2041"]
[BlackElo "2231"]
[PlyCount "133"]
[GameId "2160767911234476"]
[EventDate "2003.11.21"]
[EventType "swiss"]
[EventRounds "5"]
[EventCountry "CAN"]

1. e4 e5 2. f4 exf4 3. Nf3 d6 4. d4 g5 5. h4 g4 6. Ng1 Bh6 7. Ne2 Qf6 8. g3 fxg3 9. Nxg3 Bxc1 10. Qxc1 Qxd4 11. Nc3 c6 12. Qf4 Qe5 13. Qe3 f5 14. Nge2 d5 15. O-O-O fxe4 16. Bg2 Nf6 17. Qh6 Be6 18. Rhf1 Nbd7 19. Nd4 O-O-O 20. Qg5 Qd6 21. Rxf6 Nxf6 22. Qxf6 Rhe8 23. Bxe4 Bg8 24. Bf5+ Kb8 25. Qxd6+ Rxd6 26. Bxg4 c5 27. Nf5 Rdd8 28. Nh6 d4 29. Na4 b6 30. Nxg8 Rxg8 31. Bf5 h5 32. Re1 Rdf8 33. Bd3 Rg4 34. b3 Rxh4 35. Nb2 Rh2 36. Nc4 h4 37. Re7 Rf6 38. Ne5 Kc8 39. Rd7 b5 40. Rxa7 Rh1+ 41. Kb2 Re1 42. Nd7 Rh6 43. Bxb5 h3 44. Ra8+ Kc7 45. Ra7+ Kd8 46. Ra8+ Kc7 47. Ra7+ Kc8 48. Ba6+ Kd8 49. Nxc5 h2 50. Rd7+ Ke8 51. Bb7 Re5 52. Rxd4 Rxc5 53. Rd1 Rg5 54. Rh1 Rg1 55. a4 Rg7 56. Be4 Rg4 57. Bf3 Rg3 58. Be4 Rg5 59. c3 Rg4 60. Bd5 Rg1 61. b4 Rxh1 62. Bxh1 Rg6 63. a5 Rg1 64. Bc6+ Kf8 65. a6 h1=Q 66. Bxh1 Rxh1 67. a7 1-0

[Event "Quebec-ch-classe"]
[Site "Repentigny CAN"]
[Date "2003.11.22"]
[Round "2"]
[White "Rousseau, Daniel"]
[Black "Trottier, Yves"]
[Result "1-0"]
[WhiteElo "2231"]
[BlackElo "2038"]
[PlyCount "73"]
[GameId "2160767911234477"]
[EventDate "2003.11.21"]
[EventType "swiss"]
[EventRounds "5"]
[EventCountry "CAN"]

1. e4 e5 2. Nf3 Nf6 3. Nxe5 d6 4. Nf3 Nxe4 5. d4 d5 6. Bd3 Nc6 7. O-O Be7 8. Re1 Bg4 9. c3 f5 10. Qb3 O-O 11. Nfd2 Kh8 12. f3 Nxd2 13. Nxd2 Bh5 14. Qxb7 Qd6 15. Nf1 Rfb8 16. Qa6 Be8 17. Bxf5 Rb6 18. Qd3 g6 19. Bh3 Bd7 20. Bxd7 Qxd7 21. b3 Re8 22. Bf4 Nd8 23. Be5+ Kg8 24. Re2 Re6 25. Rae1 c5 26. Nd2 Nc6 27. f4 cxd4 28. Bxd4 Nxd4 29. cxd4 Bd6 30. g3 Bb4 31. Rxe6 Rxe6 32. Rxe6 Qxe6 33. Nf3 Qc8 34. Qe2 Qc1+ 35. Kg2 Qc8 36. Ng5 Bc3 37. Qe7 1-0

[Event "Quebec-ch-classe"]
[Site "Repentigny CAN"]
[Date "2003.11.22"]
[Round "3"]
[White "Prahov, Valentin"]
[Black "Rousseau, Daniel"]
[Result "0-1"]
[WhiteElo "2207"]
[BlackElo "2231"]
[PlyCount "78"]
[GameId "2160767911234478"]
[EventDate "2003.11.21"]
[EventType "swiss"]
[EventRounds "5"]
[EventCountry "CAN"]

1. e4 e5 2. Nf3 Nc6 3. Bc4 Nf6 4. d4 exd4 5. e5 d5 6. Bb5 Ne4 7. Nxd4 Bd7 8. Bxc6 bxc6 9. O-O Bc5 10. Be3 Qe7 11. f3 Nd6 12. f4 Nc4 13. Bc1 O-O 14. b3 Nb6 15. c3 a5 16. a4 f6 17. exf6 Qxf6 18. Ba3 Bxa3 19. Rxa3 c5 20. Ne2 Rae8 21. Ra2 Qg6 22. Ng3 Bg4 23. Qc2 Qd6 24. h3 Bc8 25. Qd2 Ba6 26. Rf3 c4 27. b4 axb4 28. cxb4 d4 29. b5 Bb7 30. Rf2 c3 31. Qc1 Re3 32. Nf1 Re4 33. a5 Nd5 34. a6 Ba8 35. Ra4 Rfe8 36. g3 Nb6 37. Raa2 Re1 38. Qc2 Qd5 39. Rh2 Qxb5 0-1

[Event "Quebec-ch-classe"]
[Site "Repentigny CAN"]
[Date "2003.11.23"]
[Round "4"]
[White "Rousseau, Daniel"]
[Black "Masse, Hugues"]
[Result "1/2-1/2"]
[WhiteElo "2231"]
[BlackElo "2239"]
[PlyCount "177"]
[GameId "2160767911234479"]
[EventDate "2003.11.21"]
[EventType "swiss"]
[EventRounds "5"]
[EventCountry "CAN"]

1. e4 e5 2. Nf3 Nc6 3. Bb5 a6 4. Ba4 Nf6 5. O-O Nxe4 6. d4 b5 7. Bb3 d5 8. dxe5 Be6 9. c3 Bc5 10. Qd3 O-O 11. Be3 Bxe3 12. Qxe3 Qe7 13. Nbd2 Nxd2 14. Nxd2 Rfd8 15. Rad1 d4 16. cxd4 Nxd4 17. Bxe6 Qxe6 18. b3 Rd5 19. f4 Rad8 20. Nf3 Nf5 21. Rxd5 Qxd5 22. Qa7 Qc6 23. g4 Ne7 24. Qe3 Qc2 25. Rf2 Qb1+ 26. Kg2 Qg6 27. h3 h5 28. Nh4 Qc6+ 29. Qf3 hxg4 30. hxg4 Qc5 31. Qe4 g6 32. Rc2 Qd5 33. Qxd5 Nxd5 34. Kf3 Rd7 35. Ke4 Nb4 36. Rh2 c5 37. Nf3 Nd5 38. f5 gxf5+ 39. gxf5 Nc3+ 40. Kf4 Nd5+ 41. Kg5 c4 42. bxc4 bxc4 43. e6 f6+ 44. Kg4 Rg7+ 45. Kh4 Rh7+ 46. Kg3 Rxh2 47. Kxh2 c3 48. Ne1 Ne3 49. Kg3 c2 50. Nd3 Nxf5+ 51. Kf4 Nd4 52. Nc1 Kf8 53. Ke4 Nxe6 54. Kd3 Ke7 55. Kxc2 Kd6 56. Kc3 Kc5 57. a4 Nc7 58. Nd3+ Kb6 59. Kc4 Kc6 60. Kd4 Kb6 61. Nc5 Ka5 62. Kc4 Ne8 63. Kd5 Ng7 64. Kc6 f5 65. Kd5 Kb6 66. Nb3 f4 67. Ke4 Ne6 68. Ke5 Nc5 69. Nd4 Ka5 70. Kxf4 Kxa4 71. Ke5 Kb4 72. Kd5 Nb3 73. Nc6+ Kb5 74. Na7+ Kb4 75. Nc6+ Kc3 76. Kd6 Kc4 77. Ne5+ Kb5 78. Nc6 Na1 79. Nd4+ Kc4 80. Nc6 Nc2 81. Ne5+ Kb3 82. Nc6 Kc4 83. Ne5+ Kb5 84. Nc6 Nb4 85. Nd4+ Kc4 86. Ne6 Nd3 87. Nc7 a5 88. Nd5 Kb3 89. Kc6 1/2-1/2

[Event "National Capital op"]
[Site "Ottawa CAN"]
[Date "2003.11.02"]
[Round "5"]
[White "Rousseau, Daniel"]
[Black "Nezirovic, Ozren"]
[Result "1-0"]
[WhiteElo "2222"]
[BlackElo "2185"]
[PlyCount "59"]
[GameId "2160767911251150"]
[EventDate "2003.10.31"]
[EventType "swiss"]
[EventRounds "5"]
[EventCountry "CAN"]

1. e4 d6 2. d4 Nf6 3. Nc3 g6 4. Nf3 Bg7 5. Be2 O-O 6. h3 c5 7. d5 e6 8. Bf4 exd5 9. exd5 Qb6 10. O-O a6 11. Rb1 Qc7 12. a4 b6 13. Nd2 Nbd7 14. Nc4 Ne5 15. Nxe5 dxe5 16. d6 Qd8 17. Bxe5 Re8 18. Bh2 Bb7 19. Bf3 Ne4 20. Nxe4 Bxe4 21. Re1 Bxf3 22. Qxf3 Qd7 23. Re7 Rxe7 24. Qxa8+ Re8 25. Qxa6 Bd4 26. Qb5 Qe6 27. Bg3 f5 28. c3 Qe4 29. Rd1 f4 30. Bh4 1-0

[Event "Ottawa op"]
[Site "Ottawa CAN"]
[Date "2003.10.31"]
[Round "1"]
[White "Rousseau, Daniel"]
[Black "Pepin, Christian"]
[Result "0-1"]
[WhiteElo "2222"]
[BlackElo "2061"]
[PlyCount "82"]
[GameId "2160767911251153"]
[EventDate "2003.10.31"]
[EventType "swiss"]
[EventRounds "5"]
[EventCountry "CAN"]
[SourceTitle "EXT 2008"]
[Source "ChessBase"]
[SourceDate "2007.11.25"]
[SourceVersion "1"]
[SourceVersionDate "2007.11.25"]
[SourceQuality "1"]

1. e4 c6 2. d4 d5 3. Nc3 dxe4 4. Nxe4 Nd7 5. Bc4 e6 6. Bf4 Ngf6 7. Nd6+ Bxd6 8. Bxd6 Nb6 9. Bc5 Nxc4 10. b3 Nd6 11. a4 Qa5+ 12. Kf1 Nde4 13. Ba3 Qf5 14. f3 Nd5 15. Qe1 Nec3 16. Qd2 Qxc2 17. Qxc2 Ne3+ 18. Kf2 Nxc2 19. Rc1 Nxa3 20. Rxc3 b5 21. Ne2 Bd7 22. Ra1 b4 23. Rc5 Ke7 24. Rac1 Rhd8 25. Ke3 a5 26. Nf4 f6 27. h4 g6 28. g4 Be8 29. g5 Rd6 30. Rh1 Rad8 31. Rd1 Bf7 32. Ne2 fxg5 33. hxg5 e5 34. Rxe5+ Re6 35. Rh1 Nc2+ 36. Ke4 Rxe5+ 37. Kxe5 Rd5+ 38. Ke4 Rxg5 39. Rxh7 Rh5 40. Rxh5 gxh5 41. Nc1 Na1 0-1

[Event "Ottawa op"]
[Site "Ottawa CAN"]
[Date "2003.11.01"]
[Round "3"]
[White "Doubleday, William"]
[Black "Rousseau, Daniel"]
[Result "1/2-1/2"]
[WhiteElo "2087"]
[BlackElo "2222"]
[PlyCount "70"]
[GameId "2160767911251158"]
[EventDate "2003.10.31"]
[EventType "swiss"]
[EventRounds "5"]
[EventCountry "CAN"]
[SourceTitle "EXT 2008"]
[Source "ChessBase"]
[SourceDate "2007.11.25"]
[SourceVersion "1"]
[SourceVersionDate "2007.11.25"]
[SourceQuality "1"]

1. e4 e5 2. Nf3 Nc6 3. Bb5 a6 4. Ba4 Nf6 5. O-O b5 6. Bb3 Bc5 7. c3 d6 8. d4 Bb6 9. h3 Bb7 10. Re1 Qd7 11. Bg5 O-O-O 12. dxe5 Nxe5 13. Nxe5 dxe5 14. Qxd7+ Rxd7 15. Nd2 h6 16. Bxf6 Rxd2 17. Bh4 g5 18. Bg3 f6 19. Rad1 Rhd8 20. Kf1 c5 21. Be6+ Kc7 22. Bf5 a5 23. Re2 R2d3 24. f3 Ba6 25. Be6 c4 26. Bd5 b4 27. Be1 Bc5 28. Rc1 b3 29. a3 Kd6 30. Bf2 Bxf2 31. Kxf2 Kc5 32. Ke1 Bc8 33. Kf2 f5 34. Re3 Rd2+ 35. Re2 Rd3 1/2-1/2

[Event "Ottawa op"]
[Site "Ottawa CAN"]
[Date "2003.11.02"]
[Round "4"]
[White "Rousseau, Daniel"]
[Black "Murray, Adam"]
[Result "0-1"]
[WhiteElo "2222"]
[BlackElo "1856"]
[PlyCount "60"]
[GameId "2160767911251161"]
[EventDate "2003.10.31"]
[EventType "swiss"]
[EventRounds "5"]
[EventCountry "CAN"]
[SourceTitle "EXT 2008"]
[Source "ChessBase"]
[SourceDate "2007.11.25"]
[SourceVersion "1"]
[SourceVersionDate "2007.11.25"]
[SourceQuality "1"]

1. e4 c5 2. Nf3 d6 3. d4 cxd4 4. Nxd4 Nf6 5. Nc3 a6 6. Bg5 e6 7. f4 Be7 8. Qf3 Qa5 9. O-O-O Bd7 10. e5 dxe5 11. Qxb7 exd4 12. Qxa8 Qb6 13. Rxd4 Bc6 14. Na4 Qc7 15. Rc4 O-O 16. Be2 Ne4 17. Rxc6 Nxc6 18. Qxa6 Bxg5 19. a3 Nd4 20. Bd3 Bxf4+ 21. Kb1 Nd2+ 22. Ka2 Nxc2 23. g3 Bh6 24. Nc3 Nd4 25. Qa4 Rd8 26. Rc1 N4b3 27. Rc2 Qb7 28. Ne4 f5 29. Nd6 Qh1 30. Rxd2 Nxd2 0-1

[Event "Lanaudiere op"]
[Site "Repentigny CAN"]
[Date "2003.10.17"]
[Round "1"]
[White "Trottier, Alain"]
[Black "Rousseau, Daniel"]
[Result "1/2-1/2"]
[WhiteElo "1913"]
[BlackElo "2113"]
[PlyCount "104"]
[GameId "2160767911251203"]
[EventDate "2003.10.17"]
[EventType "swiss"]
[EventRounds "5"]
[EventCountry "CAN"]
[SourceTitle "EXT 2022"]
[Source "ChessBase"]
[SourceDate "2021.10.06"]
[SourceVersion "1"]
[SourceVersionDate "2021.10.06"]
[SourceQuality "1"]

1. Nf3 Nf6 2. g3 g6 3. Bg2 Bg7 4. O-O O-O 5. c4 d6 6. d4 Nc6 7. Nc3 a6 8. e4 Bd7 9. h3 e5 10. Bg5 h6 11. Be3 Kh7 12. Rc1 Qe8 13. d5 Ne7 14. c5 Nh5 15. Nd2 f5 16. cxd6 cxd6 17. Nc4 Nc8 18. Bb6 Bb5 19. Nxb5 axb5 20. Nxd6 Nxd6 21. Bc5 Ra6 22. Qb3 Nf6 23. f3 Qd7 24. Rfe1 Nfe8 25. Rc2 Rf7 26. Bf1 Bf6 27. h4 fxe4 28. fxe4 g5 29. hxg5 Bxg5 30. Kh2 Rf6 31. Bh3 Qf7 32. Kg2 Ra4 33. Bb4 Qg6 34. a3 h5 35. Be6 h4 36. g4 Bf4 37. Rce2 Ra6 38. Qd3 Qg7 39. Rh1 Rh6 40. Kh3 Qg5 41. Qc2 Qd8 42. Bc3 Ng7 43. Bf5+ Kh8 44. Rf1 Nf7 45. Rxf4 Ng5+ 46. Kg2 exf4 47. Rf2 Kg8 48. Qd3 Nxf5 49. gxf5 Ra4 50. b4 Rxa3 51. e5 Rc6 52. f6 Rxf6 1/2-1/2

[Event "Lanaudiere op"]
[Site "Repentigny CAN"]
[Date "2003.10.18"]
[Round "2"]
[White "Rousseau, Daniel"]
[Black "Miron, Francois"]
[Result "1-0"]
[WhiteElo "2113"]
[BlackElo "2001"]
[PlyCount "73"]
[GameId "2160767911251206"]
[EventDate "2003.10.17"]
[EventType "swiss"]
[EventRounds "5"]
[EventCountry "CAN"]
[SourceTitle "EXT 2022"]
[Source "ChessBase"]
[SourceDate "2021.10.06"]
[SourceVersion "1"]
[SourceVersionDate "2021.10.06"]
[SourceQuality "1"]

1. e4 c5 2. Nf3 Nc6 3. d4 cxd4 4. Nxd4 Nf6 5. Nc3 e5 6. Ndb5 d6 7. Bg5 a6 8. Na3 b5 9. Bxf6 gxf6 10. Nd5 f5 11. Bd3 Be6 12. O-O Bg7 13. Qh5 f4 14. c3 O-O 15. Nc2 Ne7 16. Nxe7+ Qxe7 17. a4 Qb7 18. axb5 axb5 19. Nb4 Kh8 20. Qe2 Bd7 21. Rad1 Rfd8 22. Rd2 Bh6 23. f3 Bg5 24. Bc2 Qb6+ 25. Kh1 Be8 26. Nd5 Qb7 27. Bb3 Ra6 28. Rdd1 Qa7 29. g3 fxg3 30. hxg3 Qd7 31. Qh2 Be7 32. Qh6 Ra7 33. Kg2 Qe6 34. Qe3 Rb7 35. Rh1 Bf8 36. Qg5 Be7 37. Rxh7+ 1-0

[Event "Lanaudiere op"]
[Site "Repentigny CAN"]
[Date "2003.10.19"]
[Round "4"]
[White "Beaulieu, Eric"]
[Black "Rousseau, Daniel"]
[Result "1-0"]
[WhiteElo "2222"]
[BlackElo "2113"]
[PlyCount "93"]
[GameId "2160767911251209"]
[EventDate "2003.10.17"]
[EventType "swiss"]
[EventRounds "5"]
[EventCountry "CAN"]
[SourceTitle "EXT 2022"]
[Source "ChessBase"]
[SourceDate "2021.10.06"]
[SourceVersion "1"]
[SourceVersionDate "2021.10.06"]
[SourceQuality "1"]

1. d4 Nf6 2. Bg5 Ne4 3. Bf4 c5 4. d5 Qb6 5. Bc1 e6 6. f3 Nf6 7. e4 Bd6 8. Nc3 a6 9. a4 Be5 10. Bc4 Qc7 11. g3 Bxc3+ 12. bxc3 Qe5 13. Ne2 exd5 14. exd5 d6 15. O-O O-O 16. Bf4 Qe7 17. Re1 Nfd7 18. Nd4 Ne5 19. Nb3 f6 20. Bd3 Qf7 21. Na5 Kh8 22. Be2 Qc7 23. Bxe5 fxe5 24. Nc4 b6 25. Rb1 Nd7 26. Bd3 Rb8 27. Ne3 g6 28. Qe2 Ra8 29. Kg2 Bb7 30. c4 Nf6 31. Rb3 Nd7 32. Reb1 a5 33. Ng4 Rab8 34. Qe3 Qd8 35. Bxg6 hxg6 36. Qh6+ Kg8 37. Qxg6+ Kh8 38. Qh6+ Kg8 39. Qg6+ Kh8 40. Qxd6 Qe8 41. Rxb6 Nxb6 42. Qh6+ Kg8 43. Qg5+ Kh8 44. Rxb6 Bc6 45. Rxc6 Rb7 46. Rh6+ Rh7 47. Nf6 1-0

[Event "Lanaudiere op"]
[Site "Repentigny CAN"]
[Date "2003.10.19"]
[Round "5"]
[White "Rivest, Jean-Michel"]
[Black "Rousseau, Daniel"]
[Result "1-0"]
[WhiteElo "1921"]
[BlackElo "2113"]
[PlyCount "61"]
[GameId "2160767911251213"]
[EventDate "2003.10.17"]
[EventType "swiss"]
[EventRounds "5"]
[EventCountry "CAN"]
[SourceTitle "EXT 2022"]
[Source "ChessBase"]
[SourceDate "2021.10.06"]
[SourceVersion "1"]
[SourceVersionDate "2021.10.06"]
[SourceQuality "1"]

1. e4 e5 2. Nf3 Nc6 3. Bb5 a6 4. Ba4 Nf6 5. O-O b5 6. Bb3 Bc5 7. d3 d6 8. a4 Rb8 9. axb5 axb5 10. Be3 O-O 11. c3 Bg4 12. Nbd2 Qe7 13. Ra6 Nd8 14. h3 Bc8 15. Ra1 Ne6 16. Bc2 Bb7 17. Nb3 Nd7 18. Nxc5 Ndxc5 19. Nd2 g6 20. d4 Nd7 21. Ra5 Ba8 22. Qe2 b4 23. Nc4 bxc3 24. bxc3 exd4 25. cxd4 d5 26. exd5 Nxd4 27. Qd3 Nxc2 28. Qxc2 Rfc8 29. Qc3 Qb4 30. Qd4 Nb6 31. Bh6 1-0

[Event "Le Bolduc II - B"]
[Site "Montreal CAN"]
[Date "2003.10.06"]
[Round "5"]
[White "Rousseau, Daniel"]
[Black "Corriveau, Philippe"]
[Result "1-0"]
[WhiteElo "2074"]
[BlackElo "2103"]
[PlyCount "61"]
[GameId "2160767911255609"]
[EventDate "2003.09.22"]
[EventType "tourn"]
[EventRounds "11"]
[EventCountry "CAN"]

1. e4 e5 2. Nf3 Nc6 3. Bb5 a6 4. Ba4 Nf6 5. O-O Nxe4 6. d4 b5 7. Bb3 d5 8. dxe5 Be6 9. c3 Bc5 10. Qe2 O-O 11. Be3 Bxe3 12. Qxe3 Na5 13. Nbd2 Nxd2 14. Nxd2 f6 15. Rad1 Rc8 16. Rfe1 fxe5 17. Qxe5 Bf7 18. Ne4 Nxb3 19. axb3 Re8 20. Qg3 Qe7 21. Nd2 Qxe1+ 22. Rxe1 Rxe1+ 23. Nf1 Rb1 24. Qd3 Rxb2 25. h3 Rxb3 26. Ne3 c6 27. Qd4 Bg6 28. Qc5 Bf7 29. Nf5 Rb1+ 30. Kh2 Re8 31. Qd4 1-0

[Event "Le Bolduc II - B"]
[Site "Montreal CAN"]
[Date "2003.10.15"]
[Round "8"]
[White "Tremblay, Alain"]
[Black "Rousseau, Daniel"]
[Result "0-1"]
[WhiteElo "2005"]
[BlackElo "2074"]
[PlyCount "110"]
[GameId "2160767911255619"]
[EventDate "2003.09.22"]
[EventType "tourn"]
[EventRounds "11"]
[EventCountry "CAN"]

1. e4 e5 2. Nf3 Nc6 3. Bc4 Nf6 4. d3 Bc5 5. Nc3 h6 6. Na4 Be7 7. Nc3 a6 8. h3 Bc5 9. a3 d6 10. Ne2 O-O 11. Ng3 d5 12. exd5 Nxd5 13. O-O Re8 14. Re1 Bf8 15. Bd2 g6 16. Ne4 Be6 17. Qc1 Kh7 18. Ng3 Bg7 19. h4 f5 20. h5 g5 21. Bxg5 hxg5 22. Qxg5 Qf6 23. Nxf5 Bxf5 24. Bxd5 Qxg5 25. Nxg5+ Kh6 26. Nf3 Re7 27. Nd2 Nd4 28. Rac1 c6 29. Be4 Rf8 30. f3 Bxe4 31. dxe4 Kxh5 32. c3 Ne6 33. Nc4 Rd8 34. Rcd1 Red7 35. Rxd7 Rxd7 36. Re2 Rd1+ 37. Kh2 Nf4 38. Rc2 Kg6 39. Ne3 Rd3 40. Ng4 Kf7 41. g3 Ng6 42. Rf2 Bf8 43. Kg2 Bc5 44. Re2 a5 45. Rc2 a4 46. Re2 Bb6 47. Rc2 Bc7 48. Nf2 Rd7 49. Ng4 Ne7 50. Rf2 Nc8 51. Rc2 Rd1 52. Re2 Rd8 53. Kf1 Rf8 54. Kg2 Ke6 55. Nh6 Nd6 0-1

[Event "Le Bolduc II - B"]
[Site "Montreal CAN"]
[Date "2003.10.27"]
[Round "11"]
[White "Rousseau, Daniel"]
[Black "Arsenault, Nicolas"]
[Result "0-1"]
[WhiteElo "2074"]
[BlackElo "2070"]
[PlyCount "64"]
[GameId "2160767911255629"]
[EventDate "2003.09.22"]
[EventType "tourn"]
[EventRounds "11"]
[EventCountry "CAN"]

1. e4 c5 2. Nf3 Nc6 3. d4 cxd4 4. Nxd4 e5 5. Nb5 d6 6. N1c3 a6 7. Na3 Be7 8. Nc4 b5 9. Ne3 Nf6 10. Bd3 O-O 11. O-O Rb8 12. Ncd5 Nxd5 13. Nxd5 Bg5 14. Qh5 Bxc1 15. Raxc1 Be6 16. f4 g6 17. Qh6 f5 18. Ne3 Qb6 19. Rce1 Qd4 20. Kh1 fxe4 21. f5 Bxf5 22. Nxf5 gxf5 23. Re3 Rf7 24. Bxe4 fxe4 25. Qe6 Rbf8 26. Rxf7 Rxf7 27. Rg3+ Kf8 28. Qc8+ Ke7 29. h4 Rf1+ 30. Kh2 Qg1+ 31. Kh3 Qh1+ 32. Kg4 Rf4+ 0-1

[Event "Le Bolduc-B 2nd"]
[Site "Montreal CAN"]
[Date "2003.09.22"]
[Round "1"]
[White "Cazelais, Marc"]
[Black "Rousseau, Daniel"]
[Result "0-1"]
[WhiteElo "2166"]
[BlackElo "2044"]
[PlyCount "126"]
[GameId "2160767911255661"]
[EventDate "2003.09.22"]
[EventType "tourn"]
[EventRounds "11"]
[EventCountry "CAN"]
[SourceTitle "EXT 2006"]
[Source "ChessBase"]
[SourceDate "2005.11.24"]
[SourceVersion "1"]
[SourceVersionDate "2005.11.24"]
[SourceQuality "1"]

1. e4 e5 2. Nf3 Nc6 3. d4 exd4 4. Nxd4 Nf6 5. Nxc6 bxc6 6. Bd3 Bc5 7. O-O d6 8. Bg5 h6 9. Bh4 g5 10. Bg3 h5 11. h4 Ng4 12. hxg5 Qxg5 13. Qf3 h4 14. Bf4 Qg7 15. e5 d5 16. Nc3 Be6 17. Rae1 a5 18. Nd1 Kd7 19. c4 Rag8 20. cxd5 cxd5 21. Nc3 c6 22. a3 h3 23. g3 h2+ 24. Kh1 Nh6 25. Bxh6 Rxh6 26. Bf5 Rf8 27. Qd3 Qg5 28. Bxe6+ fxe6 29. Ne4 Qe7 30. Nf6+ Kc7 31. Qd2 Rhh8 32. Qxa5+ Bb6 33. Qc3 Qc5 34. Qxc5 Bxc5 35. Kg2 Bd4 36. Ng4 Bxb2 37. a4 Ra8 38. Nxh2 Rxa4 39. Nf3 c5 40. Rh1 Raa8 41. Rb1 Rxh1 42. Rxh1 d4 43. Ng5 Re8 44. Rb1 Bc3 45. Kf3 Kc6 46. Ne4 Bb4 47. Ke2 Ra8 48. f4 Ra3 49. Kf2 Re3 50. Nd6 Kd5 51. Rc1 Rc3 52. Rd1 c4 53. g4 d3 54. Nb5 Rc2+ 55. Ke3 Bc5+ 56. Kf3 Rf2+ 57. Kg3 Rb2 58. Nc7+ Ke4 59. Nxe6 Bf2+ 60. Kh3 c3 61. Ng5+ Ke3 62. e6 c2 63. e7 Rb8 0-1